Introducción a la informática /
Guardado en:
| Autor Principal: | |
|---|---|
| Otros Autores: | |
| Formato: | Libro |
| Publicado: |
Barcelona :
Reverté,
1979
|
| Etiquetas: |
Agregar Etiqueta
Sin Etiquetas, Sea el primero en etiquetar este registro!
|
| LEADER | 00925nam a22001695a 4500 | ||
|---|---|---|---|
| 001 | CEM.cems004567 | ||
| 005 | 20060217000000.0 | ||
| 008 | 130507s1979##################000#0#####d | ||
| 003 | CEMS | ||
| 082 | 0 | 4 | |a 001.6 |
| 100 | 1 | |a Murrill, Paul W. | |
| 245 | 1 | 0 | |a Introducción a la informática / |
| 260 | |a Barcelona : |b Reverté, |c 1979 | ||
| 300 | |a 673 p. | ||
| 505 | 0 | |a Organigramas. Lenguaje de programaci¢n. Programaci¢n Basic. Programaci¢n Fortran. Procesos algor¡tmicos. Bucles y contadores de iteraciónes. Variables con sub¡ndices. Funciónes y procedimientos. Hardware de los ordenadores. El sistema ordenador. Arboles, juegos y redes. Compilaci¢n. Sistemas de gesti¢n. Aplicaciónes num'ricas. Ap'ndice: Lenguaje de programaci¢n ensamblador. Basic. Fortran. PL/I. Operaciónes con n£meros binarios, octales.Tablas de conversi¢n. | |
| 700 | 1 | |a Smith, Cecil L. | |
| 859 | |a CEMS |b BIB. CEMS - 11 de abril |h 001.6 |i M967 |p 13869.86 |t Ej.1 | ||
